Alice's Adventures in Wonderland /
Alice's Adventures in Wonderland is a classic novel by Lewis Carroll that tells the story of a young girl named Alice who falls down a rabbit hole and enters a strange and fantastical world. In this world, she encounters a cast of peculiar and whimsical characters, including the Cheshire Cat, t...
Uloženo v:
| Hlavní autor: | |
|---|---|
| Médium: | E-kniha |
| Jazyk: | Czech |
| Vydáno: |
Praha :
Saga Egmont,
2020
|
| Tagy: |
Žádné tagy |
| LEADER | 01657nam a22002297i 4500 | ||
|---|---|---|---|
| 001 | 312047 | ||
| 007 | ta | ||
| 008 | 260601s2020 xr ||||| |||| 00| 0 cze d | ||
| 020 | |a 9990003825735 | ||
| 044 | |a xr | ||
| 100 | 1 | |a Carroll, Lewis |4 aut | |
| 245 | 1 | 0 | |a Alice's Adventures in Wonderland / |c Carroll, Lewis |
| 264 | 1 | |a Praha : |b Saga Egmont, |c 2020 | |
| 300 | |a 1 online zdroj (200 stran) | ||
| 336 | |a text |b txt |2 rdacontent | ||
| 337 | |a bez média |b n |2 rdamedia | ||
| 338 | |a online zdroj |b cr |2 rdacarrier | ||
| 520 | 2 | |a Alice's Adventures in Wonderland is a classic novel by Lewis Carroll that tells the story of a young girl named Alice who falls down a rabbit hole and enters a strange and fantastical world. In this world, she encounters a cast of peculiar and whimsical characters, including the Cheshire Cat, the Mad Hatter, the Queen of Hearts, and the caterpillar, among others. Alice finds herself growing and shrinking in size, attending bizarre tea parties, and participating in absurd trials, all the while trying to find her way back to the real world. Through its imaginative and absurd narrative, Alice's Adventures in Wonderland explores themes of identity, reality, and the nature of childhood, and has become a beloved classic of children's literature. | |
| 910 | |a RBIT002 | ||
| 998 | |d 382573 |a https://core.palmknihy.cz/api/books/382573/cover?s0mibs |b https://core.palmknihy.cz/api/books/382573/cover/400?s0mibs |c https://core.palmknihy.cz/api/books/382573/cover/50?s0mibs |e |g 200 |i 9990003825735 |j https://core.palmknihy.cz/api/books/382573/preview.epub |l |q 49 |r 1 |s https://www.palmknihy.cz/kniha/382573 |t ebook |y 2020 |z 1 | ||
| 999 | |d 312045 | ||